Statistiques concernant Culture Générale - Série 1337

Cliquez ici pour prendre le quiz!

Statistiques générales

  • Ce quiz a été pris 49 fois
  • Le résultat moyen est 4 sur 10

Statistiques - réponses

QuestionRéponse% Correct
De quel département Aurillac est-elle le chef-lieu ?Cantal
69%
Complétez cette célèbre phrase de Sacha Guitry : "Je suis contre les femmes, tout...contre
51%
D'après l'évangile selon Matthieu, combien de pièces d'argent Judas obtient-il pour livrer Jésus ?trente
51%
A quel poète et écrivain américain, né en 1809, doit-on les "Histoires extraordinaires" ?Edgar Allan Poe
49%
Quel écrivain écossais a créé le personnage de Sherlock Holmes, à la fin du 19e siècle ?Conan Doyle
49%
De quel pays est originaire le personnage de livres pour enfants connu en France sous le nom de "Fifi Brindacier" ?Suède
36%
Selon la Bible, quelle cité antique de Mésopotamie est la patrie d'Abraham ?Ur
33%
Quel journaliste et présentateur télé a été le président délégué du PSG, entre 1991 et 1998 ?Michel Denisot
27%
À quel roi de France est attribuée la phrase : “Tout est perdu, fors l'honneur” ?François Ier
22%
Quelle pièce de Molière a pour sous-titre “le Festin de pierre” ?Dom Juan
13%

Distribution des résultats

Percentile par nombre de réponses

% des personnes avec chaque résultat

Votre développement - résultats

Vous n’avez pas pris ce quiz